000 00964nas a2200301 4500
001 BR2011007641
003 BR-BrBNA
005 20231205115225.0
007 ta
008 230509b bl.|||p| |||| 00| 00por d
040 _aBR-BrBNA
_bpor
_cBiblioteca Nacional de Agricultura
041 _a(Pt)
072 _aE12
100 1 _aDamasceno, N.P.
100 1 _aKhan, A.S.
100 1 _aLima, P.V.P.S.
245 1 _aO impacto do Pronaf sobre a sustentabilidade da agricultura familiar, geração de emprego e renda no estado do Ceará
650 _aAGRICULTURA FAMILIAR
650 _aRENDA FAMILIAR
650 _aNÍVEL DE VIDA
650 _aEMPREGO
650 _aDESENVOLVIMENTO SUSTENTÁVEL
650 _aMÉTODO ESTATÍSTICO
650 _aCEARÁ
773 0 _tRevista de Economia e Sociologia Rural (Brazil)
_xISSN 0103-2003
_g(Jan-Mar 2011), v. 49(1) p. 129-156
_wBR2011007641
909 _a202311
_bLúcia
_c55
_dLúcia Elande
942 _2AGRIS
_n0
_cANA
999 _c212700
_d212700